GUI pre autonómne vozidlo

Guardado en:
Detalles Bibliográficos
Autor principal: Pichlík, Zdenek (Autor)
Otros Autores: Ťapák, Peter (Orientador)
Formato: Manuscrito Libro
Lenguaje:eslovaco
Publicado: Bratislava : STU v Bratislave FEI, 2022
Materias:
Acceso en línea:https://opac.crzp.sk/?fn=detailBiblioFormChildYLREP&sid=7E432E204D1F6C32995D8C3802D8&seo=CRZP-detail-kniha
Etiquetas: Agregar Etiqueta
Sin Etiquetas, Sea el primero en etiquetar este registro!

MARC

LEADER 00000ntm a22000003a 4500
001 stuzp85913
003 SK-STU
005 20230117133244.2
007 ta
008 150427s2015----xo-----f-mn---000-0-slo-d
040 |a STU  |b slo 
041 0 |a slo 
044 |a xo 
100 1 |a Pichlík, Zdenek  |u 030400  |4 aut  |U FEI Fakulta elektrotechniky a informatiky  |T FEI Ústav automobilovej mechatroniky  |X 79704  |U E400  |Y 642  |7 79704 
242 0 1 |a GUI for autonomous vehicle  |y eng 
245 1 0 |a GUI pre autonómne vozidlo 
260 |a Bratislava :  |b STU v Bratislave FEI,  |c 2022 
300 |a 53 s., príl. 
650 4 |a GUI  |2 slo 
650 4 |a ROS  |2 slo 
650 4 |a autonómne vozidlo  |2 slo 
650 4 |a RViz  |2 slo 
650 4 |a OpenCV  |2 slo 
650 4 |a GUI  |2 eng 
650 4 |a autonomous vehicle  |2 eng 
650 4 |a RViz  |2 eng 
650 4 |a OpenCV  |2 eng 
650 4 |a ROS  |2 eng 
700 1 |a Ťapák, Peter  |u 030400  |k Z1  |4 ths  |U FEI Fakulta elektrotechniky a informatiky  |T FEI Ústav automobilovej mechatroniky  |X 3715  |U E400  |Y 642  |7 A000003715 
856 4 |u https://opac.crzp.sk/?fn=detailBiblioFormChildYLREP&sid=7E432E204D1F6C32995D8C3802D8&seo=CRZP-detail-kniha